LEADER 01292nam0-22004091i-450- 001 990007918910403321 005 20131021102625.0 020 $aIT$b761421 035 $a000791891 035 $aFED01000791891 035 $a(Aleph)000791891FED01 035 $a000791891 100 $a20090723d1975----km-y0itay50------ba 101 0 $aita 102 $aIT 105 $ay---n---101yy 200 1 $a<>contenzioso tributario: risultati e prospettive della riforma$eatti del convegno di S. Remo (2-3 marzo 1974)$fpromosso dal Centro nazionale di prevenzione e difesa sociale 210 $aPadova$cCedam$d1975 215 $aVIII, 218 p.$d25 cm 225 1 $a<>diritto tributario commentato$iSerie 1$v42 676 $a343.04$v21$zita 710 02$aCentro nazionale di prevenzione e difesa sociale$032906 801 0$aIT$bUNINA$gRICA$2UNIMARC 901 $aBK 912 $a990007918910403321 952 $aDT XII-19B$b6056$fDEC 952 $aDT XII-19A$b1042$fDEC 952 $aI 5(42)$fDSS 952 $aI 5 (42)bis$fDSS 952 $aI 5 (27)$fDSS 952 $aCOLLEZ. 133 (42)$b2398$fFSPBC 959 $aDEC 959 $aDEC 959 $aDSS 959 $aFSPBC 996 $aContenzioso tributario: risultati e prospettive della riforma$9669441 997 $aUNINA LEADER 01959nas 2200553-a 450 001 996321807503316 005 20221208213020.0 035 $a(DE-599)ZDB2673114-9 035 $a(OCoLC)653458008 035 $a(CKB)2670000000019634 035 $a(CONSER)--2010267099 035 $a(EXLCZ)992670000000019634 100 $a20100803a20099999 --- - 101 0 $aeng 135 $aur||||||||||| 181 $ctxt$2rdacontent 182 $cc$2rdamedia 183 $acr$2rdacarrier 200 00$aCES working papers 210 $aIas?i, Romania $cCentre for European Studies, Alexandru Ioan Cuza University of Ias?i 300 $aRefereed/Peer-reviewed 311 $a2067-7693 517 3 $aCentre for European Studies working papers 517 3 $aCentre for European Studies working papers series 517 3 $aWorking papers 517 3 $aWorking papers series 517 3 $aCES WP 606 $aRegionalism$zEuropean Union countries$vPeriodicals 606 $aGlobalization$zEuropean Union countries$vPeriodicals 606 $aEconomic policy$2fast$3(OCoLC)fst00902025 606 $aGlobalization$2fast$3(OCoLC)fst00943532 606 $aInternational economic integration$2fast$3(OCoLC)fst00976879 606 $aRegionalism$2fast$3(OCoLC)fst01093204 607 $aEuropean Union countries$xEconomic integration$vPeriodicals 607 $aEuropean Union countries$xEconomic policy$vPeriodicals 607 $aEuropean Union countries$vPeriodicals 607 $aEuropean Union countries$2fast 608 $aPeriodicals.$2fast 615 0$aRegionalism 615 0$aGlobalization 615 7$aEconomic policy. 615 7$aGlobalization. 615 7$aInternational economic integration. 615 7$aRegionalism. 712 02$aUniversitatea "Al. I. Cuza" din Ias?i.$bCentrul de Studii Europene. 906 $aJOURNAL 912 $a996321807503316 996 $aCES working papers$91940047 997 $aUNISA